Statistiche per Ricostruisci la Carriera del Calciatore - Sergio Floccari

Clicka qui per fare il quiz!

Statistiche generali

  • Questo quiz è stato fatto 2 volte
  • Il punteggio medio è 5 su 15

Statistiche sulle risposte

HintRisposta% Corretto
1998-1999 Montebelluna
100%
2017-2021 SPAL
100%
2007-2009 Atalanta
50%
2016-2017 Bologna
50%
2009-2010 Genoa
50%
2012-2014 Lazio
50%
2014-2016 Sassuolo
50%
1997-1998 Avezzano
0%
2001-2002 Faenza
0%
2002-2003 Genoa
0%
2010-2011 Lazio
0%
2006-2007 Messina
0%
1999-2001 Mestre
0%
2011-2012Parma
0%
2003-2006 Rimini
0%

Distribuzione punteggi

Percentile per numero di risposta

Percentuale di utenti per punteggio

I tuoi punteggi nel tempo

Non hai fatto questo quiz